000 05337nas1a22005291 4500
001 RU\NLR\INFOCOMM17\1000436913
005 20250807185335.0
011 _a2949-1452
_bprint
_y1607-4181
011 0 _a2949-1460
_bonline
_y2541-8807
035 _a(NLR Aleph) 003156682
090 _a1071
_c1071
100 _a20250807 rusy50
101 0 _arus
102 _aRU
110 _aahu||||0|y0
200 1 _aУченые записки Санкт-Петербургского государственного медицинского университета им. академика И.П. Павлова
_fС.-Петерб. гос. мед. ун-т им. акад. И.П. Павлова
210 _aСПб.
_cИзд-во СПб ГМУ
_d1944 -
300 _aЗагл. обл.: Ученые записки
430 1 _12001#$aУченые записки I Ленинградского медицинского института им. академика И.П.Павлова
_171002$3RU\NLR\AUTH\8812808$aЛенинградский медицинский институт им. И.П. Павлова$c1
510 1 _aThe scientific notes of Pavlov university
_zeng
510 1 _aUchyonye zapiski Sankt-Peterburgskogo gosudarstvennogo meditsinskogo universiteta im. akad. I.P. Pavlova
_zint
510 1 _aUchyonye zapiski Pervogo Sankt-Peterburgskogo gosudarstvennogo meditsinskogo universiteta im. akad. I.P. Pavlova
_zint
512 0 _aУченые записки
515 1 _aУченые записки СПбГМУ им. акад. И.П. Павлова
517 1 _aУченые записки Первого Санкт-Петербургского государственного медицинского университета им. акад. И.П. Павлова
710 0 2 _aСанкт-Петербургский государственный медицинский университет им. И. П. Павлова
_3RU\NLR\AUTH\8812801
_4070
801 1 _aRU
_bInfoComm
_c20040630
801 0 _aRU
_bNLR
_gPSBO
801 2 _aRU
_bNLR
_c20080703
_2rusmarc
852 _aNLR
_jП16/597
942 _cJOURNAL
945 _aРоссийская национальная библиотека
980 _aNB
980 _aBV
980 _aRUSPER